00689nam a22001937a 450000500170000001000150001702000260003203500140005803700090007208200120008110000190009324500950011226000670020727001410027430000210041570000230043670000190045970000170047820220201105358.0 aENG-131335 a9789354491047c819.00 aEN-114867 bDBAD a006.312 aTan, Pang-Ning aIntroduction To Data Mining:cPang-Ning Tan, Michael Steinbach, Anuj Karpatne, Vipin Kumar aUttar PradeshbPearson India Education Services Pvt. Ltdc2021 bUttar Pradesha15th Floor, Tower-B, World Trade Tower, Plot No. 1, Block-C, Sector 16, Noidae201301mcompanysecretary.india@pearson.com a856p.c24cm(pbk) aSteinbach, Micheal aKarpatne, Anuj aKumar, Vipin